000 00399pab a2200169 454500
008 180718b2010 xxu||||| |||| 00| 0 eng d
100 _aDahiya, R.S.
245 _aKhap panchayats: need to review their role in society
260 _c2010
300 _ap.28-32.
362 _a16 Jul
650 _aSocial systems
650 _aPanchayat
773 _aMainstream
908 _aN
909 _a87144
999 _c87144
_d87144